Countries With the Letter S - Statistics

General Stats
  • This quiz has been taken 129 times
  • The average score is 58 of 70
Answer Stats
Countries % Correct
Spain
97%
South Korea
96%
South Africa
95%
Slovakia
94%
South Sudan
94%
Sweden
94%
Slovenia
93%
Sudan
93%
Switzerland
93%
Australia
92%
Serbia
92%
Austria
89%
United Statesof America
89%
Somalia
88%
Afghanistan
87%
Israel
87%
San Marino
87%
Saudi Arabia
87%
Turkmenistan
87%
Belarus
85%
Estonia
85%
Kyrgyzstan
85%
Netherlands
85%
Russia
85%
Saint Lucia
85%
Uzbekistan
85%
Kazakhstan
84%
Saint Vincent andthe Grenadines
84%
Samoa
84%
Senegal
84%
Suriname
84%
Saint Kittsand Nevis
83%
Seychelles
83%
Sri Lanka
83%
Syria
83%
Tajikistan
83%
Bosnia andHerzegovina
82%
Singapore
82%
Solomon Islands
82%
Barbados
81%
Comoros
81%
El Salvador
81%
Honduras
81%
Indonesia
81%
United ArabEmirates
81%
Malaysia
80%
Pakistan
80%
Tunisia
80%
Bahamas
79%
Kosovo
79%
Laos
79%
Marshall Islands
79%
Sao Tome andPrincipe
79%
Lesotho
77%
Madagascar
77%
Philippines
77%
Botswana
76%
Eswatini
76%
Maldives
76%
Sierra Leone
76%
Bangladesh
75%
Costa Rica
75%
Federated Statesof Micronesia
75%
Liechtenstein
75%
Mauritius
75%
East Timor
74%
Burkina Faso
69%
Cyprus
69%
Guinea-Bissau
67%
Ivory Coast
62%
No matching quizzes found
Score Distribution
Percent of People with Each Score
Percentile by Number Answered
Your Score History
You have not taken this quiz